| 000 | 01171nam a2200301 i 4500 | ||
|---|---|---|---|
| 001 | C2-0329388 | ||
| 003 | PPAK | ||
| 005 | 20201125123456.0 | ||
| 008 | 141217s2008 my a|||| ||||| | may d | ||
| 020 |
_a9789837028449 _qhardback |
||
| 040 |
_aPPAK _beng _cPPAK _erda |
||
| 082 | 0 | 4 |
_a899.2333 _223 |
| 090 | 0 | 0 |
_a899.2333 _bSUR _dK |
| 100 | 0 |
_aSureini Ahmad, _eauthor |
|
| 245 | 1 | 0 |
_aPenyamaran Seorang Pemimpin / _cSureini Ahmad, Shamsudin Othman ; Ilustrator Khairul Ammar Jamal, Kamal Masrun, Mohammad Fariz Zulkipli. |
| 264 | 1 |
_aPutrajaya : _bMajlis Buku Kebangsaan Malaysia , _c2008 |
|
| 300 |
_a30 pages : _bcolour illustrations ; _c28 cm |
||
| 336 |
_2rdacontent _atext |
||
| 337 |
_2rdamedia _aunmediated |
||
| 338 |
_2rdacarrier _avolume |
||
| 490 | 1 | _aSiri adaptasi daripada sejarah Melayu zaman prakegemilangan Melaka | |
| 650 | 1 | 0 | _aChildren's Stories, Malay. ; Historical fiction, Malay. |
| 700 | 0 |
_eauthor. _aShamsudin Othman, |
|
| 700 | 0 |
_eillustrator. _aKhairul Ammar Jamal, Kamal Masrun, |
|
| 700 | 0 |
_eillustrator. _aMohammad Fariz Zulkipli, |
|
| 830 | 0 | _aSiri adaptasi daripada sejarah Melayu zaman prakegemilangan Melaka | |
| 942 |
_cB _2ddc |
||
| 999 |
_c128625 _d128625 |
||